000 00661nam a2200229 a 4500
001 58330
003 BD-RjUL
005 20211209080617.0
008 161217b1994 xxu||||| |||| 00| 0 eng d
020 _a3908102219
035 _a(BD-RjUL)58454
040 _aBD-RjUL
_beng
_cBD-RjUL
_dBD-RjUL
041 _aeng
082 _223
_a079.494
_bMEM 1994
100 _aMeier, Werner A
_9173252
245 1 0 _aMedienlandschaft Schweiz /
_cWerner A Meier, Michael Schanne
260 _aZürich :
_bPro Helvetia,
_c©1994.
300 _a135 p. :
_bill. ;
_c23 cm.
650 _aMass media
_zSwitzerland.
_9173253
700 _aSchanne, Michael
_9173254
942 _2ddc
_cBK
999 _c58330
_d58330